000 00574cam a22002172 4500
001 0000005440
005 20170406120657.0
008 150105s xx 000 0 eng d
020 _c$
040 _aYour Holding Symbol
_cYour Holding Symbol
100 1 _aJOB MACHABEES.
245 1 4 _aTHE OLD TESTAMENT.
250 _a ed.
260 _aLONDON :
_bbURNS,
_c1949.
300 _a1604 p. ;
_c cm.
504 _aINDEX.
650 0 _aBIBLE NEW TESTAMENT.
908 _a150105
999 _c5238
_d5238